<?xml version="1.0" encoding="UTF-8"?>
<record
    xmlns:xsi="http://www.w3.org/2001/XMLSchema-instance"
    xsi:schemaLocation="http://www.loc.gov/MARC21/slim http://www.loc.gov/standards/marcxml/schema/MARC21slim.xsd"
    xmlns="http://www.loc.gov/MARC21/slim">

  <leader>01434nab a2200241uuc4500</leader>
  <controlfield tag="001">1542004</controlfield>
  <controlfield tag="005">20260420153058.0</controlfield>
  <controlfield tag="008">200218e20180705                    spa  </controlfield>
  <datafield tag="035" ind1=" " ind2=" ">
    <subfield code="a">1542004</subfield>
  </datafield>
  <datafield tag="040" ind1=" " ind2=" ">
    <subfield code="c">comduadb</subfield>
  </datafield>
  <datafield tag="041" ind1=" " ind2=" ">
    <subfield code="a">spa</subfield>
  </datafield>
  <datafield tag="100" ind1="1" ind2="0">
    <subfield code="a">Jaramillo Ocampo, Nicol&#xE1;s</subfield>
    <subfield code="4">aut</subfield>
    <subfield code="e">aut</subfield>
    <subfield code="9">253873</subfield>
  </datafield>
  <datafield tag="245" ind1="1" ind2="3">
    <subfield code="a">La transformaci&#xF3;n de la revista Actualidades biol&#xF3;gicas en la era del acceso abierto</subfield>
  </datafield>
  <datafield tag="520" ind1="3" ind2=" ">
    <subfield code="a">La revista Actualidades Biol&#xF3;gicas (Actual. Biol.), en sus 46 a&#xF1;os de existencia, no ha sido ajena a las transformaciones de las publicaciones cient&#xED;ficas. Consecuente con las din&#xE1;micas editoriales actuales y con las pol&#xED;ticas de acceso abierto de la UdeA, el Comit&#xE9; Editorial inici&#xF3;, desde hace un a&#xF1;o y medio, una transformaci&#xF3;n que comienza con la publicaci&#xF3;n digital de la revista en la plataforma Open Journal Systems (OJS; Public Knowledge Project 2014).</subfield>
  </datafield>
  <datafield tag="650" ind1=" " ind2="7">
    <subfield code="a">Acceso abierto</subfield>
    <subfield code="2">armarc</subfield>
    <subfield code="9">150109</subfield>
  </datafield>
  <datafield tag="650" ind1=" " ind2=" ">
    <subfield code="a">Actualidades biol&#xF3;gicas (Revista) - Universidad de Antioquia</subfield>
    <subfield code="9">231998</subfield>
  </datafield>
  <datafield tag="650" ind1=" " ind2=" ">
    <subfield code="a">Colecciones digitales</subfield>
    <subfield code="9">85787</subfield>
  </datafield>
  <datafield tag="650" ind1=" " ind2=" ">
    <subfield code="a">Publicaciones cient&#xED;ficas - Colombia</subfield>
    <subfield code="9">223007</subfield>
  </datafield>
  <datafield tag="700" ind1="1" ind2="0">
    <subfield code="a">L&#xF3;pez Alzate, M&#xF3;nica</subfield>
    <subfield code="4">aut</subfield>
    <subfield code="e">aut</subfield>
    <subfield code="9">731639</subfield>
  </datafield>
  <datafield tag="773" ind1="0" ind2=" ">
    <subfield code="t">Actualidades Biol&#xF3;gicas (Medell&#xED;n)</subfield>
    <subfield code="g">Volumen 40, N&#xFA;mero 109, Julio-Diciembre de 2018, 119-122</subfield>
    <subfield code="w">(CO-MdUADB)6024</subfield>
    <subfield code="x">0304-3584</subfield>
    <subfield code="0">3627</subfield>
    <subfield code="9">576054</subfield>
    <subfield code="o">01068782</subfield>
  </datafield>
  <datafield tag="856" ind1="4" ind2=" ">
    <subfield code="u">http://bibliotecadigital.udea.edu.co/handle/10495/13433</subfield>
  </datafield>
  <datafield tag="942" ind1=" " ind2=" ">
    <subfield code="c">ARIMP</subfield>
  </datafield>
  <datafield tag="999" ind1=" " ind2=" ">
    <subfield code="c">821091</subfield>
    <subfield code="d">821091</subfield>
  </datafield>
</record>
